Sports Quiz

Random Sports or Baseball Quiz

Before and After With Baseball! Quiz Stats

 Plays Quiz not verified by Sporcle

Challenge
Share
Tweet
Embed
Score 0/20 Timer 08:00
0 Plays Today
Hint (Before) Answer % Correct
White Sox great who finished his career with a .301 batting average and 521 home runsFrank Thomas Jefferson
89.9%
2006 NL MVP who is 2nd all time on Phillies home run listRyan Howard Stern
87.6%
Royals Hall of Famer and member of the 3,000 hit clubGeorge Brett Favre
82%
The first Canadian and only Rockies player ever to be named MVPLarry Walker, Texas Ranger
74.2%
Lefty who took home the Cy Young Award with the Indians in 2008Cliff Lee Harvey Oswald
74.2%
Hall of fame pitcher who ranks first all time in strikeoutsNolan Ryan Seacrest
73%
Current Reds outfielder, led team in home runs in 2011Jay Bruce Willis
70.8%
The 'D-Train' won Rookie of the Year honors in 2003 for the Marlins with his high-kicking pitching styleDontrelle Willis Reed
65.2%
Outfielder who hit 50 home runs for the Orioles in 1996Brady Anderson Cooper
61.8%
Triple Crown winner who is the only player to win MVP in both the AL and NLFrank Robinson Cano
60.7%
Hint (Before) Answer % Correct
Current Tigers pitcher who threw the hardest average fastball in the league in 2006 and 2007Brad Penny Hardaway
60.7%
Lead off hitting outfielder once referred to as 'Caveman' for his long beardJohnny Damon Wayans
59.6%
'Mr. October,' member of the 500 home run clubReggie Jackson Pollock
59.6%
2nd only to Ricky Henderson all time in stolen basesLou Brock Lesnar
56.2%
Phillies great who won 4 Cy Young AwardsSteve Carlton Banks
49.4%
Outfielder who won 9 consecutive Gold Glove awards for the Twins and AngelsTorii Hunter S. Thompson
47.2%
Pitcher ranked 26th all time in wins who is also known for the revolutionary arm surgery named afterTommy John Coltrane
46.1%
Tony PlushNyjer Morgan Freeman
40.4%
Current Dodgers third baseman who hit over 100 home runs during his time with the IndiansCasey Blake Lively
34.8%
Hall of Famer whose 191 RBI in 1930 remains a single season recordHack Wilson Pickett
27%

You're not logged in!

Compare scores with friends on all Sporcle quizzes.
Join for Free
OR
Log In

You Might Also Like...

Show Comments

Extras

Created Oct 8, 2011ReportNominate
Tags:Baseball Quiz, before

Top Quizzes Today


Score Distribution

Your Account Isn't Verified!

In order to create a playlist on Sporcle, you need to verify the email address you used during registration. Go to your Sporcle Settings to finish the process.

Report this User

Report this user for behavior that violates our Community Guidelines.

Details: